000 00869cam a2200229 4500
001 WB3706-10
008 000000n2001 000 0 eng u
035 _a(Sirsi) u110841
245 _aBlue Circle raises £60m
260 _c2001
490 _aFinancial Times
_v8 February 2001, 28(1)
520 _aLand Securities buys 1,013 acres of development land for £60m from Blue Circle Industries. The acquisition is in line with Land Securities' mixed-use regeneration development plans, and a key project is to develop the 476 acre Eastern Quarry with housing and commercial, leisure and retail facilities.
590 _aWB
650 _aBLUE CIRCLE
650 _aLAND SECURITIES
650 _aDEVELOPMENT LAND
650 _aMIXED-USE DEVELOPMENTS
650 _aREGENERATION
650 _aPLANNING
690 _aPROPERTY-PROPERTY DEVELOPMENT
942 _n0
999 _c66077
_d66077